Auditoribus Oblatae, Dum Assertiones Theologicas Ex Anteriore Tractatu De Sacramentis Nec Non De Gratia In Alma Episcopali Academia Jaurinensi ; Anno MDCCLXX. Mense Augusto

Bibliographic Details
Main Authors: Bedekovič, Kazimír, 1728-1781 (Author), Nyirő, Adam, 1723-1784 (Author)
Other Authors: Ernst, Joannes Baptista (Dissertant, Dedicator), Streibig, Gergely János, 1700-1782 (Printer)
Format: Book
Language:Latin
PhysicalDescription:[15] s. 17 cm
Published: Jaurini typis Gregorii Joannis Streibig, privil. Reg. & Civici Typographi Anno MDCCLXX. [=1770]
Subjects:

MARC

LEADER 00000nam a2200000 a 4500
001 vtls012084504
003 SK-MaSNL
005 20260301104553.0
008 220124s1770 hu a 0 0n0 lat
015 |a SNBHFA 
040 |a SNKHF  |b slo  |c SNK  |e AACR2 
041 0 |a lat 
044 |a hu  |c HU 
072 7 |a 2-1  |x Prirodzená teológia. Náboženská filozofia  |2 konspekt 
080 |a 2-1  |2 2011 
100 1 |a Bedekovič, Kazimír,  |d 1728-1781  |4 aut  |9 443523 
245 1 0 |a Auditoribus Oblatae, Dum Assertiones Theologicas Ex Anteriore Tractatu De Sacramentis  |b Nec Non De Gratia In Alma Episcopali Academia Jaurinensi ; Anno MDCCLXX. Mense Augusto  |c Publice Propugnaret Reverndus, Nobilis, Ac Excellens Dominus Joannes Baptista Ernst, SS. Theologiae In III. Annum Auditor, Seminarii B. V. Mariae In Coelos Assumptae Alumnus, Dioecesis Jaurinensis ; Ex Praelectionibus R. P. Casimiri Bedekovics, E Societate jesu, SS. Theologiae Doctoris, Et Professoris, Nec Non Altiorum Scholarum Praefecti, Et R. P. Adami Nyiró, E Societ. Jesu, SS. Theologiae Doctoris, Et Professoris 
246 3 0 |a Assertiones Theologicas 
260 |a Jaurini  |b typis Gregorii Joannis Streibig, privil. Reg. & Civici Typographi  |c Anno MDCCLXX. [=1770] 
300 |a [15] s.  |c 17 cm 
500 |a Vlys. Ozdobná iniciála. Vineta 
501 |a Prív. 1. k: BEUVELET, Matthieu. Meditationes De Praecipuis Veritatibus Christianis. Tomus Secundus. Tyrnaviae : Typis Collegii Academici Soc. Jesu, 1770.  |5 SNK SD 52231/2/prív.1 
508 |a Venovanie Joannesa Baptistu Ernsta mecenášovi Františkovi Zičimu 
650 0 7 |a teológia  |2 SNKPH  |9 1814 
655 7 |a promočné tlače  |2 SNKPH  |9 73127 
700 1 |a Nyirő, Adam,  |d 1723-1784  |4 aut  |9 443524 
700 1 |a Ernst, Joannes Baptista  |4 dis  |4 dto  |9 443525 
700 1 |a Ziči, František,  |d 1701-1783  |4 pat  |4 dte  |9 443526 
700 1 |a Streibig, Gergely János,  |d 1700-1782  |4 prt  |9 443527 
752 |a Maďarsko  |d Győr 
852 |a snk  |p SD 52231/2/prív.1 
958 |a DD 
958 |a ONDV 
999 |c 698486  |d 700416 
952 |a SNK  |b SNK  |y PREZ  |7 0  |p 17A1399349  |o snkSD 52231/2/prív.1  |i snkF 4714/89  |8 5  |0 0  |1 0  |4 0  |d 2022-01-24  |l 0  |r 2026-02-23 20:49:08  |w 2026-02-23